000 00320nam a2200109Ia 4500
008 221009s9999 xx 000 0 und d
082 _a891.433 JES
100 _aजसटा, हरिराम
_938880
245 0 _aरमता जोगी
260 _bज्ञान गंगा प्रकाशन
942 _cBK
999 _c65375
_d65375